All Golden Boot Winners Since 2010 - Statistics

General Stats
  • This quiz has been taken 43 times
  • The average score is 13 of 14
Answer Stats
Hint Answer % Correct
2011/12 Messi
100%
2012/13 Messi
100%
2016/17 Messi
100%
2017/18 Messi
100%
2018/19 Messi
100%
2013/14 Suárez and Ronaldo
100%
2010/11 Ronaldo
97%
2014/15 Ronaldo
97%
2020/21 Lewandowski
92%
2021/22 Lewandowski
92%
2022/23 Haaland
85%
2015/16 Suárez
79%
2023/24 Kane
74%
2019/20 Immobile
41%
No matching quizzes found
Score Distribution
Percent of People with Each Score
Percentile by Number Answered
Your Score History
You have not taken this quiz